Tăng cường tương tác trong dạy học một số nội dung môn "Đại số sơ cấp" cho sinh viên sư phạm ngành toán thông qua hình thức dạy học hợp tác theo nhóm Luận văn thạc sĩ giáo dục học. Chuyên ngành: Lý luận và phương pháp dạy học. Mã số: 60.46.10

Đã lưu trong:
書目詳細資料
主要作者: Trần, Thụy Hoàng Yến
其他作者: Nguyễn, Văn Thuận (Hướng dẫn)
格式: Luận văn 工具包 圖書
語言:Vietnamese
出版: Vinh Đại học Vinh 2010
主題:
標簽: 添加標簽
沒有標簽, 成為第一個標記此記錄!
Thư viện lưu trữ: Trung tâm Học liệu Lê Vũ Hùng, Trường Đại học Đồng Tháp
LEADER 01387ppm a22003018a 4500
001 00029914
005 20171026081022.0
008 121129s2010 ||||||viesd
041 0 # |a vie 
082 1 4 |a 512.007 1  |b T116C 
100 1 # |a Trần, Thụy Hoàng Yến 
245 0 0 |a Tăng cường tương tác trong dạy học một số nội dung môn "Đại số sơ cấp" cho sinh viên sư phạm ngành toán thông qua hình thức dạy học hợp tác theo nhóm  |b Luận văn thạc sĩ giáo dục học. Chuyên ngành: Lý luận và phương pháp dạy học. Mã số: 60.46.10  |c Trần Thụy Hoàng Yến; Nguyễn Văn Thuận (hướng dẫn) 
260 # # |a Vinh  |b Đại học Vinh  |c 2010 
300 # # |a 103 tr.  |c 30cm.  |e 1 bản tóm tắt 
500 # # |a ĐTTTS ghi: Bộ giáo dục và đào tạo. Trường Đại học Vinh 
653 # # |a Dạy học 
653 # # |a Luận văn 
653 # # |a Đại số sơ cấp 
653 # # |a Toán học 
653 # # |a Sinh viên sư phạm 
653 # # |a Theo nhóm 
700 1 # |a Nguyễn, Văn Thuận  |e Hướng dẫn 
852 # # |j LV.0000123 
852 # # |b Kho đọc SĐH  |j LV.0000123 
910 |d 29/11/2012 
980 # # |a Trung tâm Học liệu Lê Vũ Hùng, Trường Đại học Đồng Tháp